| 000 | 00458nam a2200169 i 4500 | ||
|---|---|---|---|
| 001 | 26426 | ||
| 003 | ES-MaACL | ||
| 005 | 20230906153436.0 | ||
| 007 | t| | ||
| 008 | 030109s1972 sp ||||1| cat d | ||
| 100 | 1 |
_aArtís-Gener, Avel.lí. _923492 |
|
| 245 | 1 | 3 |
_aAl cap de vint-i-sis anys / _cAvelli Artis-Gener. |
| 250 | _a[1ª ed.]. | ||
| 260 |
_a[Barcelona : _bPáortic, _c1972] |
||
| 300 |
_a103 p. ; _c19 cm. |
||
| 852 |
_aES-MaACL _jC-44848 _bR.82277 |
||
| 999 |
_c26426 _d26426 |
||